000 00932nam a2200265Ia 4500
003 OSt
005 20220923220339.0
006 a|||||r|||| 00| 0
007 ta
008 220922b |||||||| |||| 00| 0 hin d
024 _a186,092
037 _cTextual
040 _aARTS
_cARTS
_bhin
041 _2hin
_ahin
082 _aY7.4g7H, 152M5
100 _aशर्मा, बंशीराम
_9156279
245 0 _aहिमालय की पौराणिक जन-जातियां
246 _aHimālaya kī paurāṇik jana-jātiyāan
260 _aदिल्ली
_b आर्य प्रकाशन मण्डल
_c1985
300 _a148 पृ.
_ccm.
650 _a जन-जातियां
_9164110
650 _aभारतीय-लोक साहित्य
942 _hY7.4g7H, 152M5
_cTEXL
_2CC
999 _c339337
_d339337